Statystyki dla Najlepsze państwa według jakości życia

Kliknij tutaj aby rozwiązać quiz!

Ogólne statystyki

  • Ten quiz został rozwiązany 29 120 razy
  • Średni wynik to 13 z 20

Statystyki odpowiedzi

WynikKraj% Poprawnych
7,38Stany Zjednoczone
96%
7,38Niemcy
91%
7,81Kanada
87%
8,09Norwegia
85%
8,02Szwecja
85%
7,76Finlandia
79%
8,22Szwajcaria
77%
7,21Włochy
76%
8,01Dania
73%
8,12Australia
70%
7,94Holandia
69%
7,51Belgia
66%
7,73Austria
63%
7,74Irlandia
55%
7,95Nowa Zelandia
54%
7,25Korea Południowa
53%
7,33Zjednoczone Emiraty Arabskie
43%
8,00Singapur
40%
7,23Izrael
27%
7,67Tajwan
24%

Rozkład punktacji

Percentyl według liczby udzielonych odpowiedzi

Procent ludzi z każdym wynikiem

Twoja historia wyników

Nie rozwiązałeś tego quizu